Noví poskytovatelé palivových karet mění zajetá pravidla

Výhodné používanie tankovacích, resp. palivových kariet. Spoločnosť CCS - najväčší poskytovateľ tankovacích kariet v Českej republike s rozsiahlym pokrytím aj na Slovensku. Boj s konkurenciou, ktorá mení zabehnuté pravidlá. Špecializované karty pre nákladných dopravcov. Najväčšie pokrytie Európy. In...

Descripción completa

Guardado en:
Detalles Bibliográficos
Autor principal: Kolář, Vojtěch
Formato: Capítulo de libro
Lenguaje:checo
Materias:
Etiquetas: Agregar Etiqueta
Sin Etiquetas, Sea el primero en etiquetar este registro!

MARC

LEADER 00000naa a2200000 4500
001 0201798
005 20231211081035.4
041 0 |a cze 
044 |a CZ 
245 1 0 |a Noví poskytovatelé palivových karet mění zajetá pravidla  |c Vojtěch Kolář 
520 |a Výhodné používanie tankovacích, resp. palivových kariet. Spoločnosť CCS - najväčší poskytovateľ tankovacích kariet v Českej republike s rozsiahlym pokrytím aj na Slovensku. Boj s konkurenciou, ktorá mení zabehnuté pravidlá. Špecializované karty pre nákladných dopravcov. Najväčšie pokrytie Európy. Individuálne požiadavky klientov. 
610 2 0 |a doprava cestná 
610 2 0 |a automobily nákladné 
610 2 0 |a automobily osobné 
610 2 0 |a hmoty pohonné 
610 2 0 |a karty zákaznícke 
610 2 0 |a karty platobné 
610 2 0 |a Česko 
100 1 |a Kolář, Vojtěch